| 000 | 00933cam a2200241 a 4500 | ||
|---|---|---|---|
| 001 | 000018070 | ||
| 005 | 20200929165336.0 | ||
| 008 | 050815s1961 pr 000 p spa d | ||
| 040 |
_aDO-SdBNP _bspa _cBNPHU |
||
| 082 |
_aPR861.44 _bB957o |
||
| 100 | 1 |
_aBurgos, Julia de, _d1914-1953 _914090 |
|
| 245 | 1 | 0 |
_aObra poética / _cJulia de Burgos ; recopilación de Consuelo Burgos y Juan Bautista Pagan ; estudio preliminar de José Emilio González. |
| 260 |
_aSan Juan, Puerto Rico : _bCoquí, _c1961. |
||
| 300 |
_a332 p. ; _c23 cm. |
||
| 500 | _aEdición especial para Cutultural Puertorriqueña | ||
| 504 | _aBibliografía p. 333-338 | ||
| 650 | 4 |
_aPoesía puertorriqueña _xColecciones _98932 |
|
| 650 | 4 |
_aLiteratura puertorriqueña _9250 |
|
| 700 | 1 | 2 |
_aBurgos, Consuelo. _ecomp. _939161 |
| 700 | 1 | 2 |
_aBautista Pagan, Juan. _ecomp. _939162 |
| 700 | 1 | 2 |
_aGonzález, José Emilio. _93523 |
| 910 | _aValidado. Control de calidad MFF | ||
| 999 |
_c17592 _d17592 |
||